00625nam a2200205Ia 4500008004100000050001200041050001500053100002500068245011500093245002400208260003100232260001000263260001000273300001500283300002000298300001100318500005600329521001500385999001900400170504s9999 xx 000 0 und d aBF 697  b.B722 2015 aBonuan, Angelica S.  aLevel of optimistic behavior and self concept profile of zumba enthusiasts of philam village Las Piñas city/ cAngelica S. Bonuan. aLas Piñas, Philippines : bSISC, c2015. a76 pages : billustrations ; c28 cm. aIncludes bibliographical references and appendices. aPsychology c329833d329833